Project monitoring and evaluation in agriculture /

Saved in:
Bibliographic Details
Main Author: Casley, D. J.
Other Authors: Kumar, Krishna
Format: Book
Published: Baltimore : Published for the World Bank , c1987.
Subjects:
Tags: Add Tag
No Tags, Be the first to tag this record!

MARC

LEADER 00000cam a2200000 a 4500
020 |a 0801836158 (hard)  |c TZS 1720/= 
040 |a MUL  |b eng.  |e AACR 
082 0 0 |a 351.82 CAS 
100 1 |a Casley, D. J. 
245 1 0 |a Project monitoring and evaluation in agriculture /  |c Dennis J. Casley and Krishna Kumar. 
260 |a Baltimore :  |b Published for the World Bank ,  |c c1987. 
300 |a xiii, 159 p. :  |b ill. ;  |c 24 cm. 
500 |a " 
504 |a Includes Bibliography reference and index. 
546 |a eng. 
650 0 |a Agricultural development projects 
650 0 |a Food and agriculture Organization 
700 1 |a Kumar, Krishna. 
942 |c BK 
999 |c 1822  |d 1822